| 000 | 00536nam a22001697a 4500 | ||
|---|---|---|---|
| 003 | OSt | ||
| 005 | 20260302110302.0 | ||
| 008 | 260302b |||||||| |||| 00| 0 eng d | ||
| 040 | _cMRSPTU | ||
| 041 | _aEnglish | ||
| 100 | _aParmod Kumar, Supervisor: Gurprit Singh Bath | ||
| 245 | _aEffect of Fly Ash and Rice Husk Ash on Properties of OPC Cement | ||
| 260 |
_bDepartment of Civil Engg. MRSPTU, Bathinda _c2016 |
||
| 650 | _aCivil Engineering | ||
| 856 | _uhttp://163.47.215.52:8080/jspui/handle/123456789/345 | ||
| 942 |
_2ddc _cTH _n0 |
||
| 999 |
_c11035 _d11035 |
||